Loading...
| History - European | 0 | 6 | 0 | 2 | 60 | 104 | 118.00 | 0 | 3 | 0.00 | 0.00 |
| History - World | 0 | 7 | 2 | 3 | 60 | 42 | 96.57 | 2 | 6 | 0.00 | 0.00 |
| History - Other | 0 | 6 | 0 | 0 | 60 | 50 | 88.83 | 1 | 5 | 0.00 | 0.00 |
| Religion | 0 | 6 | 0 | 0 | 60 | 58 | 90.17 | 2 | 4 | 0.00 | 0.00 |
| Social Science | 0 | 6 | 1 | 1 | 55 | 66 | 91.17 | 2 | 5 | 0.00 | 0.00 |
| History - American | 0 | 5 | 1 | 3 | 45 | 74 | 94.60 | 1 | 4 | 0.00 | 0.00 |
| Literature - British | 0 | 4 | 0 | 1 | 40 | 53 | 103.25 | 1 | 3 | 0.00 | 0.00 |
| Philosophy | 0 | 3 | 0 | 0 | 30 | 99 | 103.33 | 1 | 2 | 0.00 | 0.00 |
| Mythology | 0 | 3 | 0 | 0 | 30 | 78 | 95.67 | 1 | 2 | 0.00 | 0.00 |
| Literature - European | 0 | 3 | 2 | 0 | 20 | 113 | 122.67 | 0 | 3 | 0.00 | 0.00 |
| Fine Arts - Painting and Sculpture | 0 | 2 | 0 | 0 | 20 | 124 | 126.50 | 0 | 2 | 0.00 | 0.00 |
| Geography | 0 | 2 | 0 | 1 | 20 | 80 | 103.00 | 0 | 2 | 0.00 | 0.00 |
| Literature - World | 0 | 2 | 0 | 0 | 20 | 116 | 122.50 | 1 | 2 | 0.00 | 0.00 |
| Fine Arts - Other | 0 | 2 | 1 | 0 | 15 | 45 | 53.50 | 2 | 2 | 0.00 | 0.00 |
| Other Academic | 0 | 1 | 0 | 0 | 10 | 110 | 110.00 | 0 | 1 | 0.00 | 0.00 |
| Science - Biology | 0 | 1 | 0 | 0 | 10 | 50 | 50.00 | 1 | 1 | 0.00 | 0.00 |
| Science - Other | 0 | 1 | 0 | 0 | 10 | 120 | 120.00 | 0 | 1 | 0.00 | 0.00 |
| Current Events | 0 | 0 | 1 | 0 | -5 | 0.00 | 0 | 0 | 0.00 | 0.00 |